00841pab a2200133 454500008004000000100002300040245006900063260000900132300001500141362001200156520047000168650002500638773004400663180718b2009 xxu||||| |||| 00| 0 eng d aGuha Roy, Jaytilak aThe right to information: Some emerging issues of public concern c2009 ap.406-412. aJul-Sep aAn ingrained mindset of denial of information is coming to surface time and again jeopardizing the implementation of right to information. A spirited effort to keep file notings, records of UPSC and judiciary out of the purview of the Act have already become stumbling blocks to emergence of an information regime. The article takes a critical look at the legal aspect of tenability and rationale of exemption sought from the Right to Information Act. - Reproduced. aRight to information aIndian Journal of Public Administration